00391pab a2200133 454500008004000000100001400040245011600054260000900170300001500179362000800194650001200202650000900214773003400223180718b2013 xxu||||| |||| 00| 0 eng d aDas, Lata aListening to the voices of children living with HIV and on antiretroviral therapy: A focus on counselling needs c2013 ap.219-236. aApr aTherapy aAIDS aIndian Journal of Social Work